Statistiques concernant Les applications les plus téléchargées en France en 2023

Cliquez ici pour prendre le quiz!

Statistiques générales

  • Ce quiz a été pris 137 fois
  • Le résultat moyen est 4 sur 10

Statistiques - réponses

RangRéponse% Correct
7eInstagram
94%
3eTikTok
86%
2eWhatsapp
61%
9eGoogle
35%
6eTelegram
23%
5eShein
17%
1erTemu
17%
10eGoogle Maps
14%
4eCapcut
11%
8eDoctolib
6%

Distribution des résultats

Percentile par nombre de réponses

% des personnes avec chaque résultat

Votre développement - résultats

Vous n’avez pas pris ce quiz